<?xml version="1.0" encoding="UTF-8"?>
<record
    xmlns:xsi="http://www.w3.org/2001/XMLSchema-instance"
    xsi:schemaLocation="http://www.loc.gov/MARC21/slim http://www.loc.gov/standards/marcxml/schema/MARC21slim.xsd"
    xmlns="http://www.loc.gov/MARC21/slim">

  <leader>00742nam a22002297a 4500</leader>
  <datafield tag="999" ind1=" " ind2=" ">
    <subfield code="c">108443</subfield>
    <subfield code="d">108443</subfield>
  </datafield>
  <controlfield tag="005">20200127120126.0</controlfield>
  <datafield tag="010" ind1=" " ind2=" ">
    <subfield code="a">194386</subfield>
  </datafield>
  <datafield tag="035" ind1=" " ind2=" ">
    <subfield code="a">194386</subfield>
  </datafield>
  <datafield tag="037" ind1=" " ind2=" ">
    <subfield code="b">Cen Lib/Ret</subfield>
  </datafield>
  <datafield tag="082" ind1=" " ind2=" ">
    <subfield code="a">842</subfield>
  </datafield>
  <datafield tag="100" ind1=" " ind2=" ">
    <subfield code="a">&#x645;&#x62D;&#x645;&#x62F; &#x62D;&#x633;&#x646;</subfield>
  </datafield>
  <datafield tag="245" ind1=" " ind2=" ">
    <subfield code="a">&#x62A;&#x6CC;&#x633;&#x631;&#x6D2; &#x627;&#x633;&#x679;&#x6CC;&#x62C; &#x688;&#x631;&#x627;&#x645;&#x6D2; :</subfield>
    <subfield code="c">&#x645;&#x62D;&#x645;&#x62F; &#x62D;&#x633;&#x646;</subfield>
    <subfield code="b">&#x686;&#x6BE; &#x627;&#x633;&#x679;&#x6CC;&#x62C; &#x688;&#x631;&#x627;&#x645;&#x648;&#x6BA; &#x6A9;&#x627; &#x645;&#x62C;&#x645;&#x639; /</subfield>
  </datafield>
  <datafield tag="246" ind1=" " ind2=" ">
    <subfield code="a">Teesre stage drame : chestage dramon ka majmua /</subfield>
    <subfield code="b">by Mohhamd Hasan </subfield>
  </datafield>
  <datafield tag="260" ind1=" " ind2=" ">
    <subfield code="b">&#x627;&#x62F;&#x627;&#x631;&#x6C1; &#x641;&#x631;&#x62D; &#x627;&#x631;&#x62F;&#x648; </subfield>
    <subfield code="a">&#x627;&#x645;&#x6CC;&#x646;&#x628;&#x627;&#x62F; </subfield>
    <subfield code="c">-</subfield>
  </datafield>
  <datafield tag="270" ind1=" " ind2=" ">
    <subfield code="b">&#x627;&#x645;&#x6CC;&#x646;&#x628;&#x627;&#x62F; </subfield>
    <subfield code="a">-</subfield>
  </datafield>
  <datafield tag="300" ind1=" " ind2=" ">
    <subfield code="a">232p.</subfield>
    <subfield code="c">18cm(Hb)</subfield>
  </datafield>
  <datafield tag="650" ind1=" " ind2=" ">
    <subfield code="a">&#x627;&#x62F;&#x628; -- &#x627;&#x631;&#x62F;&#x648;   </subfield>
  </datafield>
  <datafield tag="650" ind1=" " ind2=" ">
    <subfield code="a">&#x627;&#x631;&#x62F;&#x648; &#x688;&#x631;&#x627;&#x645;&#x6D2;   </subfield>
  </datafield>
  <datafield tag="650" ind1=" " ind2=" ">
    <subfield code="a">Literature -- Hindi</subfield>
  </datafield>
  <datafield tag="650" ind1=" " ind2=" ">
    <subfield code="a">Urdu drame</subfield>
  </datafield>
  <datafield tag="942" ind1=" " ind2=" ">
    <subfield code="2">ddc</subfield>
    <subfield code="c">UR</subfield>
    <subfield code="h">842</subfield>
    <subfield code="m">&#x645; &#x62D; &#x645; </subfield>
  </datafield>
  <datafield tag="952" ind1=" " ind2=" ">
    <subfield code="0">0</subfield>
    <subfield code="1">0</subfield>
    <subfield code="4">0</subfield>
    <subfield code="7">0</subfield>
    <subfield code="a">L</subfield>
    <subfield code="b">L</subfield>
    <subfield code="d">2016-01-20</subfield>
    <subfield code="e">Cen Lib/Ret</subfield>
    <subfield code="g">0.00</subfield>
    <subfield code="l">0</subfield>
    <subfield code="o">842 &#x645; &#x62D; &#x645;</subfield>
    <subfield code="p">194386</subfield>
    <subfield code="r">2016-01-20 00:00:00</subfield>
    <subfield code="t">1</subfield>
    <subfield code="v">0.00</subfield>
    <subfield code="w">2016-01-20</subfield>
    <subfield code="y">UR</subfield>
  </datafield>
</record>
